[Event "29. Staufer-Open (A)"]
[Site "?"]
[Date "2017.01.06"]
[Round "9"]
[White "Höglauer, Patrick"]
[Black "Wild, Achim"]
[Result "1-0"]
[WhiteElo "2195"]
[BlackElo "2293"]
[PlyCount "85"]
[EventDate "2017.??.??"]
[WhiteTeam "SC Grunbach"]
[BlackTeam "SC Schwarzenbach"]

1. d4 d5 2. c4 c6 3. Nf3 Nf6 4. e3 Bg4 5. Nbd2 e6 6. Bd3 Nbd7 7. Qc2 Bd6 8. h3
Bh5 9. b3 Bg6 10. Bb2 Bxd3 11. Qxd3 Qb8 12. O-O O-O 13. e4 Nxe4 14. Nxe4 dxe4
15. Qxe4 Re8 16. Rfe1 a5 17. a3 Bf8 18. Rad1 Qd8 19. Ne5 Nxe5 20. Qxe5 Bd6 21.
Qe2 Qe7 22. c5 Bb8 23. d5 cxd5 24. Rxd5 Bc7 25. Qg4 f6 26. Rd3 Rad8 27. Rxd8
Bxd8 28. b4 axb4 29. axb4 Kf7 30. g3 Bc7 31. Qe4 b6 32. Qxh7 bxc5 33. Qh5+ Kf8
34. bxc5 e5 35. Ba3 Rd8 36. Re4 Rd3 37. Bb4 Qf7 38. Qh8+ Qg8 39. c6+ Kf7 40.
Qh5+ g6 41. Qh6 Ke6 42. Rg4 Kf5 43. Rxg6 1-0

[Event "29. Staufer-Open (A)"]
[Site "?"]
[Date "2017.01.06"]
[Round "9"]
[White "Fieberg, Samuel"]
[Black "Keymer, Vincent"]
[Result "0-1"]
[WhiteElo "2191"]
[BlackElo "2428"]
[PlyCount "62"]
[EventDate "2017.??.??"]
[WhiteTeam "SG Porz"]
[BlackTeam "SK Gau-Algesheim"]

1. e4 c5 2. Nf3 d6 3. d4 cxd4 4. Nxd4 Nf6 5. Nc3 a6 6. g3 e5 7. Nb3 Be7 8. Bg2
O-O 9. O-O Be6 10. a4 Nbd7 11. Re1 Rc8 12. Nd2 Qb6 13. a5 Qd8 14. Nf1 Rc5 15.
Bd2 Rxa5 16. Na4 Rb5 17. b3 d5 18. exd5 Rxd5 19. Bxd5 Bxd5 20. c4 Bc6 21. Bc3
Ne4 22. Qc2 Ng5 23. Nd2 Qc7 24. Nb2 f5 25. Nd3 Nh3+ 26. Kf1 e4 27. Qd1 Bf6 28.
Bxf6 Nxf6 29. Nc1 Ng4 30. Re2 f4 31. Rxe4 Ngxf2 0-1

[Event "29. Staufer-Open (A)"]
[Site "?"]
[Date "2017.01.06"]
[Round "9"]
[White "Weller, Manuel"]
[Black "Skembris, Spyridon"]
[Result "0-1"]
[WhiteElo "2220"]
[BlackElo "2388"]
[PlyCount "94"]
[EventDate "2017.??.??"]
[WhiteTeam "SC Schwarzenbach"]
[BlackTeam "SC Grunbach"]

1. e4 c5 2. Nf3 g6 3. d4 cxd4 4. Nxd4 Bg7 5. Nc3 Nc6 6. Be3 Nf6 7. Bc4 Qa5 8.
O-O O-O 9. Bb3 d6 10. h3 Bd7 11. f4 Nxd4 12. Bxd4 Bc6 13. Re1 e5 14. fxe5 dxe5
15. Bf2 Rad8 16. Qe2 Rd7 17. Rad1 Kh8 18. Rxd7 Nxd7 19. Rd1 Nc5 20. Bd5 Ne6 21.
Bxc6 bxc6 22. Qc4 Nd4 23. Nb1 Qd8 24. Qd3 Qb8 25. c3 Ne6 26. b4 Rd8 27. Qc2 a6
28. Na3 Ng5 29. Rxd8+ Qxd8 30. Nc4 h5 31. Na5 Qd7 32. Qe2 Kh7 33. Nb3 Bf8 34.
Bc5 Bh6 35. Bf2 Ne6 36. g3 h4 37. Qxa6 Qd1+ 38. Qf1 Qf3 39. Qg2 Qxc3 40. Nc5
Ng5 41. Kh1 hxg3 42. Qxg3 Qa1+ 43. Bg1 Qxa2 44. Qxe5 Qb1 45. Qc7 Qf1 46. Qg3
Nxh3 47. Nd7 Nxg1 0-1

[Event "29. Staufer-Open (A)"]
[Site "?"]
[Date "2017.01.06"]
[Round "9"]
[White "Heimrath, Reiner"]
[Black "Wöllermann, Jan"]
[Result "1/2-1/2"]
[WhiteElo "2182"]
[BlackElo "2384"]
[PlyCount "116"]
[EventDate "2017.??.??"]
[WhiteTeam "SC Noris-Tarrasch Nürnberg"]
[BlackTeam "AE Magdeburg"]

1. d4 Nf6 2. Bg5 e6 3. Nd2 h6 4. Bh4 c5 5. e3 cxd4 6. exd4 Be7 7. Ngf3 b6 8.
Bd3 Bb7 9. Qe2 a6 10. c3 d6 11. Bxf6 Bxf6 12. Be4 Bxe4 13. Qxe4 d5 14. Qe3 Nc6
15. h4 b5 16. a3 Rc8 17. g4 Be7 18. Kf1 Bd6 19. Kg2 Qf6 20. Nf1 Qf4 21. Qxf4
Bxf4 22. Ng3 Bxg3 23. Kxg3 h5 24. Ne1 hxg4 25. Kxg4 Ke7 26. Nd3 a5 27. b3 Nb8
28. Rhc1 Nd7 29. a4 Nf6+ 30. Kf3 Ne4 31. axb5 Rxc3 32. Rxc3 Nxc3 33. Rxa5 Rb8
34. Ne5 Rb7 35. b6 Rxb6 36. Ra7+ Ke8 37. Ra8+ Ke7 38. Ra7+ Ke8 39. b4 Nb5 40.
Ra8+ Ke7 41. Ke3 Rb7 42. h5 Kf6 43. Rd8 Nxd4 44. Kxd4 Rxb4+ 45. Kc5 Rh4 46. Kd6
Rxh5 47. f4 g5 48. Rd7 Rh7 49. fxg5+ Kxg5 50. Nxf7+ Kf6 51. Ne5 Rxd7+ 52. Nxd7+
Kf5 53. Nc5 d4 54. Nxe6 d3 55. Nd4+ Ke4 56. Nb3 Ke3 57. Kd5 d2 58. Nxd2 Kxd2
1/2-1/2

[Event "29. Staufer-Open (A)"]
[Site "?"]
[Date "2017.01.06"]
[Round "9"]
[White "Kostic, Vladimir"]
[Black "Böhm, Martin"]
[Result "1/2-1/2"]
[WhiteElo "2352"]
[BlackElo "2204"]
[PlyCount "148"]
[EventDate "2017.??.??"]
[WhiteTeam "SK München Südost"]
[BlackTeam "SC Bann"]

1. d4 Nf6 2. c4 g6 3. Nf3 Bg7 4. g3 O-O 5. Bg2 d6 6. O-O Nbd7 7. Nc3 e5 8. dxe5
dxe5 9. Qc2 c6 10. Rd1 Qc7 11. b3 Re8 12. Ng5 Nc5 13. Ba3 Qa5 14. Bxc5 Qxc5 15.
Nge4 Nxe4 16. Nxe4 Qa3 17. Nd6 Re7 18. Rab1 a5 19. Rd3 Qc5 20. a3 Be6 21. b4
axb4 22. axb4 Qb6 23. c5 Qc7 24. Rdd1 e4 25. Bxe4 Ra2 26. Qd3 Rd7 27. b5 Be5
28. bxc6 bxc6 29. f4 Bxd6 30. cxd6 Qa7+ 31. Qd4 Qxd4+ 32. Rxd4 c5 33. Rdd1 Ra6
34. Rb8+ Kg7 35. Rc8 Rdxd6 36. Rxd6 Rxd6 37. Rxc5 Rd4 38. Bf3 h5 39. Kf2 Ra4
40. Rc7 h4 41. Rc2 hxg3+ 42. hxg3 Rb4 43. e4 Ra4 44. g4 Ra2 45. Rxa2 Bxa2 46.
g5 Be6 47. Ke3 Bd7 48. Kd4 Bc6 49. Ke5 Ba4 50. Kd6 Kf8 51. e5 Bc2 52. Bc6 Bf5
53. Bd7 Bc2 54. Bh3 Bd3 55. Kd7 Bc2 56. Kd8 Bd3 57. Kd7 Bc2 58. Kd6 Bd3 59. Bg2
Bc2 60. Bf3 Bd3 61. Kd5 Bc2 62. Be4 Bd1 63. Kd6 Bg4 64. e6 Bxe6 65. Bxg6 Bc4
66. Be4 Bb3 67. f5 Bc4 68. Ke5 Kg7 69. Bd5 Bd3 70. f6+ Kf8 71. Kf4 Bc2 72. Kg4
Bd3 73. Kh5 Bc2 74. Kh6 Bd3 1/2-1/2

[Event "29. Staufer-Open (A)"]
[Site "?"]
[Date "2017.01.06"]
[Round "9"]
[White "Akhras, Khaled"]
[Black "Pfreundt, Jakob"]
[Result "1/2-1/2"]
[WhiteElo "2197"]
[BlackElo "2347"]
[PlyCount "100"]
[EventDate "2017.??.??"]
[BlackTeam "Königsspr. SC"]

1. d4 d6 2. e4 e5 3. Nf3 Qe7 4. Nc3 c6 5. dxe5 dxe5 6. h3 Qd6 7. Bd2 Ne7 8. a4
Ng6 9. Bc4 h6 10. Qe2 Qf6 11. g3 Bc5 12. Be3 Bb4 13. O-O-O Qe7 14. Na2 Bc5 15.
Bxc5 Qxc5 16. Nh4 Nxh4 17. gxh4 Qe7 18. Rhg1 g6 19. f4 exf4 20. Qf2 Be6 21. Qd4
O-O 22. h5 g5 23. h4 Bxc4 24. hxg5 hxg5 25. Rxg5+ Qxg5 26. Rg1 Qxg1+ 27. Qxg1+
Kh7 28. Qc5 Nd7 29. Qxc4 Ne5 30. Qf1 f3 31. Qh3 Rae8 32. Qf5+ Kh6 33. Nb4 Rg8
34. Nd3 Rg5 35. Qf6+ Kxh5 36. Nxe5 Rgxe5 37. Qxf3+ Kg6 38. Qg2+ Kf6 39. Qf2+
Kg7 40. Qxa7 R8e7 41. Qg1+ Kf8 42. Qh2 f6 43. Qh8+ Kf7 44. Qh7+ Ke6 45. Qg8+
Kd6 46. Qb8+ Ke6 47. Qg8+ Kd7 48. Qb8 Ke6 49. Qg8+ Kd6 50. Qb8+ Ke6 1/2-1/2

[Event "29. Staufer-Open (A)"]
[Site "?"]
[Date "2017.01.06"]
[Round "9"]
[White "Frischmann, Rick"]
[Black "Spitzl, Vinzent"]
[Result "1/2-1/2"]
[WhiteElo "2323"]
[BlackElo "2198"]
[PlyCount "59"]
[EventDate "2017.??.??"]
[WhiteTeam "SC Schwarzenbach"]
[BlackTeam "SV Griesheim"]

1. e4 c5 2. Nf3 d6 3. Bb5+ Nc6 4. O-O Bd7 5. Re1 Nf6 6. c3 a6 7. Bc4 Bg4 8. d4
cxd4 9. cxd4 Bxf3 10. gxf3 d5 11. exd5 Na5 12. Bf1 Nxd5 13. Nc3 e6 14. Bd2 Nc6
15. Qb3 Be7 16. Nxd5 Qxd5 17. Qxb7 Nxd4 18. Qxd5 exd5 19. Red1 Nxf3+ 20. Kg2
Nxd2 21. Rxd2 O-O 22. Rxd5 a5 23. Rad1 Rfd8 24. Bc4 Kf8 25. Kf3 g6 26. h3 Kg7
27. Rd7 Kf6 28. R1d4 Rxd7 29. Rxd7 Rd8 30. Rxd8 1/2-1/2

[Event "29. Staufer-Open (A)"]
[Site "?"]
[Date "2017.01.06"]
[Round "9"]
[White "Wichmann, Cliff"]
[Black "Dorst, Johannes"]
[Result "1/2-1/2"]
[WhiteElo "2319"]
[BlackElo "2191"]
[PlyCount "87"]
[EventDate "2017.??.??"]
[WhiteTeam "ESV Nickelhütte Aue"]
[BlackTeam "SK Marburg"]

1. d4 Nf6 2. Nf3 g6 3. Bf4 Bg7 4. c3 O-O 5. Nbd2 d6 6. e4 Nh5 7. Be3 e5 8. Bc4
Nc6 9. dxe5 Nxe5 10. Nxe5 Bxe5 11. Nf3 Bg7 12. Qc2 Qe7 13. h3 Nf6 14. Nd2 Re8
15. O-O Nxe4 16. Rfe1 Nf6 17. Nf3 Bf5 18. Qb3 Qd7 19. Nd4 Be4 20. f3 Bc6 21.
Nxc6 bxc6 22. Bf2 Reb8 23. Qc2 a5 24. Re2 Nd5 25. Rae1 Bf6 26. Qe4 Qf5 27. Qxf5
gxf5 28. Rd1 Nf4 29. Rc2 d5 30. Bf1 a4 31. g3 Ne6 32. f4 Ng7 33. Bd3 h5 34. Kg2
Rb7 35. Re1 Rab8 36. Ree2 Rd8 37. Red2 Re8 38. Kf3 Re6 39. Kg2 Re8 40. Kf3 Kh8
41. Rc1 Reb8 42. Rcc2 Re8 43. Rc1 Reb8 44. Rcc2 1/2-1/2

[Event "29. Staufer-Open (A)"]
[Site "?"]
[Date "2017.01.06"]
[Round "9"]
[White "Keller, Peter"]
[Black "Walter, Kevin"]
[Result "1/2-1/2"]
[WhiteElo "2295"]
[BlackElo "2178"]
[PlyCount "46"]
[EventDate "2017.??.??"]
[WhiteTeam "Frankfurter TV"]
[BlackTeam "SK Sontheim/Brenz"]

1. e4 c5 2. Nf3 d6 3. Bb5+ Bd7 4. Bxd7+ Qxd7 5. c4 Nf6 6. Nc3 Nc6 7. d4 cxd4 8.
Nxd4 g6 9. f3 Bg7 10. Be3 O-O 11. O-O a6 12. Qd2 Nxd4 13. Bxd4 b5 14. Nd5 Nxd5
15. cxd5 Rfc8 16. Rfc1 Rxc1+ 17. Rxc1 Rc8 18. Rc3 Rxc3 19. Bxc3 Qa7+ 20. Kf1
Qc5 21. a3 Bxc3 22. Qxc3 Qxc3 23. bxc3 Kf8 1/2-1/2

[Event "29. Staufer-Open (A)"]
[Site "?"]
[Date "2017.01.06"]
[Round "9"]
[White "Kersten, Uwe"]
[Black "Smolny, Frieder"]
[Result "1-0"]
[WhiteElo "2280"]
[BlackElo "2161"]
[PlyCount "99"]
[EventDate "2017.??.??"]
[WhiteTeam "Kasseler SK"]
[BlackTeam "SC Weiße Dame Ulm"]

1. e4 Nf6 2. e5 Nd5 3. d4 d6 4. Nf3 g6 5. Bc4 Nb6 6. Bb3 Bg7 7. Ng5 e6 8. f4
dxe5 9. dxe5 Qxd1+ 10. Kxd1 Bd7 11. Nc3 Nc6 12. Be3 Na5 13. Ke2 Nbc4 14. Bc1 a6
15. Rd1 Bc6 16. g3 O-O 17. Bxc4 Nxc4 18. b3 Nb6 19. Ba3 Rfe8 20. Nge4 Nd7 21.
Rd3 f5 22. Ng5 Nb6 23. Rad1 a5 24. Bc5 Nd5 25. Nxd5 Bxd5 26. c4 Bc6 27. a4 b6
28. Ba3 h6 29. Nf3 Be4 30. R3d2 c5 31. Ne1 Bf8 32. Bb2 Be7 33. Rd7 Bc6 34. Rc7
Rac8 35. Ra7 Ra8 36. Rc7 Rac8 37. Ra7 Rcd8 38. Rxe7 Rxd1 39. Rxe8+ Bxe8 40.
Kxd1 Bc6 41. Bc1 Be4 42. Be3 Kf7 43. Kd2 Ke7 44. Nd3 Bxd3 45. Kxd3 Kd7 46. Ke2
Kc6 47. Kf3 Kc7 48. g4 Kc6 49. Bf2 Kc7 50. Bh4 1-0

[Event "29. Staufer-Open (A)"]
[Site "?"]
[Date "2017.01.06"]
[Round "9"]
[White "Pokrupa, Marek"]
[Black "Weiss, Andreas"]
[Result "0-1"]
[WhiteElo "2130"]
[BlackElo "2250"]
[PlyCount "120"]
[EventDate "2017.??.??"]
[WhiteTeam "ASV Burglengenfeld"]
[BlackTeam "SG Schwäbisch Gmünd"]

1. c4 Nf6 2. Nf3 e6 3. g3 b6 4. Bg2 Bb7 5. O-O c5 6. Nc3 Be7 7. d4 cxd4 8. Qxd4
d6 9. b3 a6 10. Ng5 Bxg2 11. Kxg2 Nbd7 12. Nce4 Qc7 13. Rd1 h6 14. Nf3 Nxe4 15.
Qxe4 O-O 16. Bb2 Nf6 17. Qd3 Rfd8 18. Rac1 Qb7 19. Kg1 Ne4 20. Nd2 Ng5 21. f3
d5 22. Qc3 Bc5+ 23. Kg2 d4 24. Qd3 f5 25. a3 a5 26. Nf1 Nf7 27. Qd2 Qe7 28. Ra1
Ne5 29. Qf4 Ng6 30. Qc1 Ra7 31. b4 axb4 32. axb4 Rxa1 33. Qxa1 Bxb4 34. Rxd4
Rxd4 35. Bxd4 Bc5 36. Bc3 h5 37. Nd2 h4 38. Nb3 Be3 39. Qa8+ Kh7 40. Nd4 Qc5
41. Qa1 Qxc4 42. Qb2 hxg3 43. hxg3 f4 44. g4 Nh4+ 45. Kh3 e5 46. Nb5 Nxf3 47.
Qb1+ Kh6 48. exf3 Qe2 49. Qh1 Qxb5 50. Kg2+ Kg6 51. Qh5+ Kf6 52. Qf5+ Ke7 53.
Qxe5+ Qxe5 54. Bxe5 g6 55. Kf1 Ke6 56. Bg7 Kd5 57. Ke2 Kc4 58. Be5 b5 59. Kd1
Kd3 60. Bd6 Bd2 0-1

[Event "29. Staufer-Open (A)"]
[Site "?"]
[Date "2017.01.06"]
[Round "9"]
[White "Braun, Peter"]
[Black "Kölle, Tobias"]
[Result "1/2-1/2"]
[WhiteElo "2240"]
[BlackElo "1862"]
[PlyCount "27"]
[EventDate "2017.??.??"]
[WhiteTeam "SK Frankenthal"]
[BlackTeam "SF Kornwestheim"]

1. d4 d5 2. Nf3 Nf6 3. c4 c6 4. Nc3 e6 5. e3 Be7 6. Bd3 dxc4 7. Bxc4 b5 8. Bd3
Bb7 9. O-O O-O 10. e4 Nbd7 11. e5 Nd5 12. Nxd5 exd5 13. Be3 a6 14. a4 1/2-1/2

[Event "29. Staufer-Open (A)"]
[Site "?"]
[Date "2017.01.06"]
[Round "9"]
[White "Degenhard, Simon"]
[Black "Henrich, Thomas"]
[Result "0-1"]
[WhiteElo "1979"]
[BlackElo "2224"]
[PlyCount "109"]
[EventDate "2017.??.??"]
[WhiteTeam "Heilbronner SV"]
[BlackTeam "SK Marburg"]

1. d4 Nf6 2. Nf3 g6 3. c4 Bg7 4. Nc3 d5 5. e3 O-O 6. Be2 dxc4 7. Bxc4 Bg4 8. h3
Bxf3 9. Qxf3 Nc6 10. O-O e5 11. Bb5 exd4 12. Bxc6 bxc6 13. exd4 Nd5 14. Nxd5
cxd5 15. Qc3 Qd6 16. Be3 Rfc8 17. Rac1 Qa6 18. Qb3 c6 19. Rc3 Rab8 20. Qa3 Rb6
21. Qxa6 Rxa6 22. a3 f5 23. g3 Re8 24. Rfc1 Re6 25. Kf1 Rb6 26. b4 Kf7 27. b5
Rxb5 28. Rxc6 Re7 29. Rc7 Rb7 30. R7c5 Red7 31. R1c3 Bf6 32. Ke2 Bd8 33. Kd3
Bb6 34. Rb5 Bd8 35. Rbc5 Rb1 36. Kc2 Rf1 37. Rb5 g5 38. Kd3 Ra1 39. Bc1 Bf6 40.
Rb4 Re7 41. Kd2 Ra2+ 42. Rc2 Rxc2+ 43. Kxc2 Re2+ 44. Kd3 Rxf2 45. Rb7+ Kg6 46.
Rxa7 Rf3+ 47. Ke2 Rxg3 48. Be3 Rxh3 49. a4 f4 50. Bf2 Rh2 51. Ra6 g4 52. Kf1 g3
53. Bg1 Ra2 54. a5 f3 55. Bf2 0-1

[Event "29. Staufer-Open (A)"]
[Site "?"]
[Date "2017.01.06"]
[Round "9"]
[White "Seehaus, Bernhard"]
[Black "Krämer, Enrico"]
[Result "0-1"]
[WhiteElo "1956"]
[BlackElo "2223"]
[PlyCount "56"]
[EventDate "2017.??.??"]
[WhiteTeam "Schachforum Darmstadt"]
[BlackTeam "SG Speyer-Schwegenheim"]

1. d3 c5 2. c4 Nc6 3. Nc3 g6 4. g3 Bg7 5. Bg2 e6 6. e4 Nge7 7. Nge2 O-O 8. O-O
d6 9. Be3 Nd4 10. Qd2 Rb8 11. Bh6 a6 12. Bxg7 Kxg7 13. Nxd4 cxd4 14. Ne2 e5 15.
b4 b5 16. Rfc1 bxc4 17. Rxc4 Be6 18. Rc2 Qb6 19. a3 Rfc8 20. Rac1 Rxc2 21. Rxc2
Rc8 22. Nc1 Rxc2 23. Qxc2 a5 24. Qb2 Qb5 25. Bf3 Nc6 26. Bd1 axb4 27. Bb3 Bxb3
28. Qxb3 Qc5 0-1

[Event "29. Staufer-Open (A)"]
[Site "?"]
[Date "2017.01.06"]
[Round "9"]
[White "Flach, Erich"]
[Black "Hahn, Markus"]
[Result "1-0"]
[WhiteElo "2077"]
[BlackElo "2324"]
[PlyCount "87"]
[EventDate "2017.??.??"]
[WhiteTeam "SK Langen"]
[BlackTeam "Kasseler SK"]

1. c4 Nf6 2. Nc3 c5 3. g3 e6 4. Bg2 d5 5. Qb3 dxc4 6. Qxc4 Be7 7. Nf3 Nc6 8.
O-O O-O 9. d3 a6 10. Be3 b5 11. Qb3 Bb7 12. a4 Na5 13. Qc2 b4 14. Nb1 c4 15.
dxc4 Be4 16. Qd1 Qxd1 17. Rxd1 Nb3 18. Ra2 Bc2 19. Re1 Rad8 20. Ne5 Na5 21. Bb6
b3 22. Ra1 Bb4 23. Bxd8 Bxe1 24. Be7 Re8 25. Na3 Bd2 26. Bd6 Rc8 27. Nf3 Ne4
28. Nxd2 Nxd2 29. Bb4 Naxc4 30. Nxc2 bxc2 31. Rc1 Na5 32. Bc3 Nab3 33. Rxc2 Nb1
34. Bb7 Rc4 35. Bxa6 Rxa4 36. Be1 f6 37. Bc4 Nd4 38. Rc1 Kf7 39. b3 Ra1 40. Bc3
Nxe2+ 41. Bxe2 Nxc3 42. Rxa1 Nxe2+ 43. Kf1 Nd4 44. Ra7+ 1-0

[Event "29. Staufer-Open (A)"]
[Site "?"]
[Date "2017.01.06"]
[Round "9"]
[White "Jansen, Dirk Norbert"]
[Black "Azimi, Reza"]
[Result "1-0"]
[WhiteElo "2166"]
[BlackElo "2035"]
[PlyCount "75"]
[EventDate "2017.??.??"]
[WhiteTeam "SVG Plettenberg"]
[BlackTeam "Münchener SC"]

1. e4 c5 2. Nf3 Nc6 3. d4 cxd4 4. Nxd4 Nf6 5. Nc3 d6 6. Bc4 Qb6 7. Be3 Qxb2 8.
Ndb5 Qb4 9. Qe2 Qa5 10. Rb1 Qd8 11. O-O e6 12. Rfd1 Be7 13. Nxa7 Rxa7 14. Bb6
Qd7 15. e5 Nxe5 16. Bb5 Nc6 17. Bxa7 O-O 18. Na4 d5 19. c4 Re8 20. Nb6 Qc7 21.
Nxc8 Rxc8 22. Bxc6 bxc6 23. Bb6 Qf4 24. cxd5 Nxd5 25. Qa6 Rf8 26. Bd4 c5 27.
Ba1 Bf6 28. Bxf6 Qxf6 29. Rbc1 Nc3 30. Rd2 Qf4 31. Qd3 Ne4 32. Rdc2 f5 33. f3
c4 34. Rxc4 Nf2 35. Kxf2 Qxh2 36. Rc8 Qh4+ 37. Kg1 g6 38. Qd7 1-0

[Event "29. Staufer-Open (B)"]
[Site "?"]
[Date "2017.01.06"]
[Round "9"]
[White "Dangelmayer, Frank"]
[Black "Gheng, Simona"]
[Result "1-0"]
[WhiteElo "1905"]
[BlackElo "1975"]
[PlyCount "21"]
[EventDate "2017.??.??"]
[WhiteTeam "SV Friedrichshafen"]
[BlackTeam "SF Deizisau"]

1. e4 c5 2. Nf3 d6 3. d4 cxd4 4. Nxd4 Nf6 5. Nc3 g6 6. Be3 Bg7 7. f3 Nc6 8. Qd2
O-O 9. O-O-O d5 10. Kb1 Nxd4 11. e5 1-0

[Event "29. Staufer-Open (B)"]
[Site "?"]
[Date "2017.01.06"]
[Round "9"]
[White "Bigalke, Moritz"]
[Black "Zeller, Elisa"]
[Result "0-1"]
[WhiteElo "1851"]
[BlackElo "1902"]
[PlyCount "74"]
[EventDate "2017.??.??"]
[WhiteTeam "SC Kirchheim/Teck"]
[BlackTeam "SF Göppingen"]

1. e4 e6 2. Nf3 d5 3. exd5 exd5 4. g3 Nc6 5. Nc3 Bg4 6. Bg2 Qe7+ 7. Ne2 Qf6 8.
Nfg1 Bc5 9. f3 Bh5 10. Nf4 O-O-O 11. Nge2 Bg6 12. c3 d4 13. d3 dxc3 14. bxc3
Bxd3 15. Nxd3 Ne5 16. Nd4 Bxd4 17. cxd4 Rxd4 18. Bf1 Nxd3+ 19. Bxd3 Rxd3 20.
Qxd3 Qxa1 21. O-O Nf6 22. Bf4 Qxa2 23. Rc1 Nd5 24. Qf5+ Kb8 25. Qxf7 Qa5 26.
Qxg7 Rc8 27. Qxh7 Qb6+ 28. Kg2 Nxf4+ 29. gxf4 Qe3 30. Rb1 Qxf4 31. h4 Rf8 32.
Qe4 Rg8+ 33. Kf2 Qd2+ 34. Kf1 b6 35. h5 Qh2 36. Qe3 Qh1+ 37. Ke2 Qxb1 0-1

[Event "29. Staufer-Open (B)"]
[Site "?"]
[Date "2017.01.06"]
[Round "9"]
[White "Schmitt, Roland"]
[Black "Hurm, Marius"]
[Result "1-0"]
[WhiteElo "1939"]
[BlackElo "1707"]
[PlyCount "65"]
[EventDate "2017.??.??"]
[WhiteTeam "SK Großsachsen"]
[BlackTeam "SG KK Hohentübingen"]

1. d4 Nf6 2. c4 e6 3. Nf3 b6 4. g3 Bb7 5. Bg2 c5 6. d5 exd5 7. Nh4 Be7 8. Nf5
O-O 9. Nc3 d6 10. O-O Qd7 11. Nxe7+ Qxe7 12. Bg5 dxc4 13. Bxb7 Qxb7 14. Bxf6
gxf6 15. Qxd6 Qc6 16. Qf4 Nd7 17. Rad1 Rad8 18. Rd6 Qc8 19. Rfd1 Ne5 20. Qxf6
Rxd6 21. Rxd6 Ng6 22. Nd5 Qg4 23. Ne3 Qxe2 24. Nf5 Qe1+ 25. Kg2 Qe4+ 26. f3
Nf4+ 27. gxf4 Qe2+ 28. Kg3 Qe1+ 29. Kg4 Qg1+ 30. Ng3 Qxh2 31. Rd5 h6 32. Rh5
Qd2 33. Rxh6 1-0

[Event "29. Staufer-Open (B)"]
[Site "?"]
[Date "2017.01.06"]
[Round "9"]
[White "Ostertag, Stephan"]
[Black "Graf, Michael"]
[Result "0-1"]
[WhiteElo "1837"]
[BlackElo "1678"]
[PlyCount "60"]
[EventDate "2017.??.??"]
[WhiteTeam "SV Urach"]
[BlackTeam "SC Grunbach"]

1. e4 c5 2. Nf3 d6 3. d4 cxd4 4. Nxd4 Nf6 5. Nc3 a6 6. Be2 e6 7. O-O Be7 8. Be3
b6 9. f4 Qc7 10. Qd2 Bb7 11. Bd3 Nbd7 12. Nf3 O-O 13. Rae1 Rfd8 14. h3 Rac8 15.
g4 Nc5 16. Bf2 Qc6 17. g5 Nfd7 18. Nd4 Qc7 19. f5 Ne5 20. Bh4 exf5 21. Nxf5 g6
22. Nh6+ Kg7 23. Qf4 Ne6 24. Qg3 Qc5+ 25. Kh2 Nxg5 26. Bxg5 Bxg5 27. Qxg5 Nf3+
28. Rxf3 Qxg5 29. Ng4 f5 30. exf5 Bxf3 0-1